Laténská hrnčířská pec z Ptení (okr

Titel: Laténská hrnčířská pec z Ptení (okr : Prostějov)
Verfasser:
Beteiligt: ;
In: Pravěk, Band 13 (2003), Seite 279-293, 6 obr.
alle Artikel anzeigen
Veröffentlicht: 2003 [2005]
Format: Aufsatz
Sprache: Tschechisch
Kein Bild verfügbar
X
alg: 39160517
001A    $01999:11-11-16 
001B    $01999:28-04-17 $t14:24:44.000 
001C    $06050:19-11-16 $t08:53:07.000 
001D    $01999:11-11-16 
001U    $0utf8 
001X    $00 
002@    $0Aox 
003@    $0391605178 
007A    $0391605178 $aHEB 
007T    $0Herd73151 
010@    $acze 
011@    $a2003 $n2003 [2005] 
021A    $aLaténská hrnčířská pec z Ptení (okr $dProstějov) 
028A    $aČižmář $dZdeněk 
028B/01 $aHlava $dMiloš 
028B/02 $aŠmíd $dMiroslav 
031A    $d13 $h279-293, 6 obr. $j2003 
037A    $aněm. res. 287: Latènezeitlicher Töpferofen aus Ptení (Bez. Prostějov) 
039B    $aIn $8--Abvc--. Pravěk. - Brno {[u.a.] : Ústav Archeologické Památkové Péče Brno, 1903-. - ISSN 1211-8338 $x200300000130000721 $9047306319 
045T    $a6,11 $a6,12 

lok: 39160517 78

exp: 39160517 78 1 #EPN
201B/01 $026-11-17 $t00:45:57.000 
201U/01 $0utf8 
203@/01 $0787699500 
208@/01 $a11-11-16 $be 
209A/01 $a/ $f000 $x00 
220C/01 $aTitelaufnehmer: rk;kh 
244Z/01 $#Tschechien $#Tschechische Republik $#Tschechische Republik $#Tschechenland $#Tschechei Tschechien $#Česká Republika $#Czech Republic $#ČR $74303381-7 $8--Tg1--Tschechien $x01 $9086659812 
244Z/01 $2Trx $#Böhmen $#Bohemia $#Czechy $8--Trx--Čechy $x02 $9391188941 
244Z/01 $2Trx $#Ptin Proßnitz $8--Trx--Ptení$gProstějov $x03 $9391198890 
244Z/01 $2Trx $#arheoloogia uurimused $#archeologiniai tyrimai $#archaeology research $#régészet vizsgálatok $#archeologia, badania $#archeológia, výskumy $#archeologie, výzkumy $8--Trx--Archäologie$gUntersuchungen $x04 $9391380192 
244Z/01 $2Trx $#pottsepatöö $#puodininkystė $#pottery $#fazekasság $#garncarstwo $#hrnčiarstvo $#řemeslo, hrnčířství $8--Trx--Töpferei $x05 $9391374443 
244Z/01 $2Trx $#Latène-aeg $#Lateno kultūra $#Latène age $#La-Tène kultúra $#kultura lateńska $#kultúra laténska $#kultura laténská $#Archäologie Latène-Zeit $#doba laténská $8--Trx--Latène-Zeit $x06 $9391383140 
244Z/01 $2Trx $8--Trx--Zeitschriftenaufsatz $x07 $9391384341 
245Z/01 $a05.02 $x01 
247C/01 $82080>Marburg/Lahn, Herder-Institut, Forschungsbibliothek, Bibliographieportal $9336309341
LEADER 00000caa a22000002c 4500
001 391605178
003 DE-603
005 20170428142444.0
007 tu
008 161111s2003 xx |||| | u00||u|cze c
035 |a (DE-599)HEB391605178 
040 |a DE-603  |b ger  |c DE-603  |d DE-603 
041 |a cze 
084 |a 6,11  |a 6,12  |2 ssgn 
100 1 |a Čižmář, Zdeněk 
245 0 0 |a Laténská hrnčířská pec z Ptení (okr  |b Prostějov) 
264 0 |c 2003 [2005] 
500 |a něm. res. 287: Latènezeitlicher Töpferofen aus Ptení (Bez. Prostějov) 
700 1 |a Hlava, Miloš 
700 1 |a Šmíd, Miroslav 
773 0 8 |i In  |t Pravěk  |d Brno ˜[u.a.] œ: Ústav Archeologické Památkové Péče Brno, 1903-  |x 1211-8338  |g Band 13 (2003), Seite 279-293, 6 obr.  |w (DE-603)047306319  |w (DE-600)209024-7 
924 0 |9 2080  |a (DE-603)787699500  |b DE-2080  |c HES  |d d  |g /